[Event "Under 1850 League"]
[Site "?"]
[Date "2020.02.23"]
[Round "2.11"]
[White "Quinn, Peter"]
[Black "Paffard, Mark"]
[Result "1/2-1/2"]
[WhiteElo "1738"]
[BlackElo "1603"]
[PlyCount "108"]
[EventDate "2020.??.??"]
[EventType "team"]
[EventCountry "WLS"]
[WhiteTeam "Cardiff Tigers"]
[BlackTeam "Steynton"]

1. e4 c5 2. Nf3 e6 3. d3 Nc6 4. Nbd2 Qc7 5. c3 Be7 6. Qe2 Nf6 7. g3 d5 8. Bg2
d4 9. O-O e5 10. h3 h6 11. a3 Be6 12. c4 Qd7 13. Kh2 g5 14. Ne1 O-O-O 15. Nc2
a6 16. Rb1 a5 17. b4 axb4 18. axb4 Nxb4 19. Nxb4 cxb4 20. Nb3 Kc7 21. Bd2 Ra8
22. Rb2 Ra4 23. Rfb1 Rha8 24. Qe1 Qc6 25. Bf1 Nd7 26. Nc1 R8a7 27. Bxb4 Bxb4
28. Rxb4 Rxb4 29. Qxb4 Qa4 30. Qxa4 Rxa4 31. Be2 Nc5 32. Kg2 Ra3 33. Rb5 b6 34.
h4 Bd7 35. Rb2 Ba4 36. hxg5 hxg5 37. Kh3 Ra1 38. Na2 Bd1 39. Nb4 Bxe2 40. Rxe2
Ra3 41. Kg4 Nxd3 42. Nd5+ Kc6 43. Kxg5 Nc5 44. Kf5 Nd7 45. g4 Ra4 46. Nf6 Nc5
47. Kxe5 d3 48. Rd2 Rxc4 49. f4 Rc2 50. Rd1 Re2 51. Kd4 d2 52. e5 b5 53. Kc3
Rf2 54. Rxd2 Rxf4 1/2-1/2

[Event "Under 1850 League"]
[Site "?"]
[Date "2020.02.23"]
[Round "2.12"]
[White "Hammett, Scott"]
[Black "Fox, Chris"]
[Result "1/2-1/2"]
[WhiteElo "1602"]
[BlackElo "1707"]
[PlyCount "88"]
[EventDate "2020.??.??"]
[EventType "team"]
[EventCountry "WLS"]
[WhiteTeam "Steynton"]
[BlackTeam "Cardiff Tigers"]

1. f4 d5 2. Nf3 Nf6 3. e3 g6 4. d4 Bg7 5. Bd3 O-O 6. O-O b6 7. c3 Bb7 8. Bd2
Nbd7 9. Be1 c5 10. Nbd2 e6 11. Bh4 Qc7 12. Rc1 Rac8 13. Ne5 cxd4 14. Nxd7 Qxd7
15. Bxf6 Bxf6 16. exd4 Rc7 17. Nf3 Qc8 18. Ne5 Bg7 19. Qg4 f5 20. Qg3 Bxe5 21.
fxe5 Ba6 22. h4 Bxd3 23. Qxd3 Rff7 24. Qg3 Rg7 25. Qg5 Qd7 26. Rf3 Qe7 27. Rcf1
Qxg5 28. hxg5 b5 29. g4 a5 30. R1f2 Rcf7 31. gxf5 gxf5 32. Rg2 Rg6 33. Kf2 Rfg7
34. Rfg3 h6 35. gxh6 Rxg3 36. Rxg3 Rxg3 37. Kxg3 Kh7 38. b3 Kxh6 39. Kf4 Kg6
40. a3 Kf7 $2 41. Kg5 Ke7 42. Kh5 Kf7 43. Kg5 Kg7 44. Kh5 Kh7 1/2-1/2

[Event "Under 1850 League"]
[Site "?"]
[Date "2020.02.23"]
[Round "2.13"]
[White "Smith, Alun"]
[Black "Williams, Duncan"]
[Result "0-1"]
[WhiteElo "1648"]
[BlackElo "1735"]
[PlyCount "82"]
[EventDate "2020.??.??"]
[EventType "team"]
[EventCountry "WLS"]
[WhiteTeam "Capital Panthers"]
[BlackTeam "West Wales Dragons"]

1. e4 e5 2. Nf3 Nc6 3. Bc4 Bc5 4. c3 Nf6 5. d3 a6 6. b4 Ba7 7. Bg5 h6 8. Bh4 d6
9. O-O Bg4 10. Nbd2 g5 11. Bg3 h5 12. Qb3 h4 13. Bxf7+ Kf8 14. Nxg5 hxg3 15.
hxg3 Nd5 16. Ndf3 Nxc3 17. Qxc3 Nd4 18. Rae1 Nxf3+ 19. Nxf3 Bxf3 20. gxf3 Kxf7
21. Kg2 Bd4 22. Qc4+ Kf6 23. Rh1 Qe7 24. Qc1 Qg7 25. f4 exf4 26. Qxf4+ Ke7 27.
Rxh8 Rxh8 28. Rh1 Rxh1 29. Kxh1 Qf6 30. Kg2 Qxf4 31. gxf4 b5 32. Kf3 Kf6 33.
Ke2 Bc3 34. f3 Bxb4 35. d4 c5 36. dxc5 Bxc5 37. Kd3 a5 38. Kd2 d5 39. e5+ Kf5
40. Kd3 Kxf4 41. e6 Ke5 0-1

[Event "Under 1850 League"]
[Site "?"]
[Date "2020.02.23"]
[Round "2.14"]
[White "Smith, Andrew"]
[Black "Smith, Ellison"]
[Result "1/2-1/2"]
[WhiteElo "1659"]
[BlackElo "1699"]
[PlyCount "43"]
[EventDate "2020.??.??"]
[EventType "team"]
[EventCountry "WLS"]
[WhiteTeam "West Wales Dragons"]
[BlackTeam "Capital Panthers"]

1. e4 e6 2. d4 d5 3. exd5 exd5 4. Nf3 Bd6 5. Bd3 Nf6 6. O-O O-O 7. Bg5 Bg4 8.
h3 Bh5 9. Nbd2 Nbd7 10. Bf5 Nb6 11. b3 Bb4 12. g4 Bg6 13. Bxg6 fxg6 14. Rc1 h6
15. Bh4 g5 16. Bg3 Ne4 17. Nxe4 dxe4 18. Ne5 Bc3 19. Qe2 Qxd4 20. Rcd1 Qb4 21.
Nd7 Rad8 22. Nxb6 1/2-1/2

[Event "Under 1850 League"]
[Site "?"]
[Date "2020.02.23"]
[Round "2.15"]
[White "Szakmany, Bence"]
[Black "Philpin, Les"]
[Result "1-0"]
[WhiteElo "1600"]
[BlackElo "1671"]
[PlyCount "55"]
[EventDate "2020.??.??"]
[EventType "team"]
[EventCountry "WLS"]
[WhiteTeam "Capital Panthers"]
[BlackTeam "West Wales Dragons"]

1. e4 e6 2. d4 d5 3. Nd2 Nf6 4. e5 Nfd7 5. f4 a6 6. Bd3 Nc6 7. c3 Ne7 8. Ndf3
h6 9. Ne2 c5 10. Be3 c4 11. Bc2 Nc6 12. O-O b5 13. f5 Qe7 14. fxe6 fxe6 15. Nf4
Rg8 16. Bh7 g5 17. Bxg8 gxf4 18. Bxf4 Nb6 19. Qc2 Ra7 20. Qg6+ Kd8 21. Ng5 Qg7
22. Nxe6+ Bxe6 23. Qxg7 Rxg7 24. Bxe6 Re7 25. Bh3 Bg7 26. e6 b4 27. Bd6 Rb7 28.
Rf7 1-0

[Event "Under 1850 League"]
[Site "?"]
[Date "2020.02.23"]
[Round "2.16"]
[White "Sipho, Donovan"]
[Black "Twohig, Tycho"]
[Result "1-0"]
[WhiteElo "1662"]
[BlackElo "1446"]
[PlyCount "139"]
[EventDate "2020.??.??"]
[EventType "team"]
[EventCountry "WLS"]
[WhiteTeam "West Wales Dragons"]
[BlackTeam "Capital Panthers"]

1. c4 e5 2. Nc3 Nf6 3. e4 Nc6 4. Nf3 Bc5 5. Be2 d6 6. Na4 Nxe4 7. Nxc5 Nxc5 8.
d4 exd4 9. Nxd4 Qf6 10. Nxc6 bxc6 11. O-O O-O 12. Qc2 Bf5 13. Qd2 Rfe8 14. Bf3
Be4 15. Bxe4 Nxe4 16. Qa5 Rec8 17. Rb1 Qe5 18. Qa6 Qc5 19. Be3 Qe5 20. Qxc6 Qe8
21. Qb7 c5 22. Rfe1 Qc6 23. Qxc6 Rxc6 24. Bf4 Re8 25. f3 Nf6 26. g4 h6 27. h4
Kf8 28. Kf2 d5 29. g5 Rxe1 30. Rxe1 hxg5 31. hxg5 Nh5 32. cxd5 Rb6 33. Be5 f6
34. gxf6 gxf6 35. Bc3 Nf4 36. Rd1 Rd6 37. Kg3 Rxd5 38. Re1 Nh5+ 39. Kg4 Rg5+
40. Kh4 Kf7 41. Re4 Ng3 42. Rf4 Nf5+ 43. Kh3 Rg3+ 44. Kh2 Kg6 45. Rxf5 Kxf5 46.
Kxg3 a6 47. f4 c4 48. Kf3 Ke6 49. Ke4 f5+ 50. Kd4 Kd6 51. Kxc4 Kc6 52. b4 Kb7
53. Kd5 Kc7 54. Ke5 Kc6 55. Kxf5 Kd7 56. a4 Ke7 57. b5 axb5 58. axb5 Kd7 59.
Bb4 Kc7 60. Ke6 Kb6 61. f5 Kxb5 62. f6 Kxb4 63. f7 Kc5 64. f8=Q+ Kc6 65. Qc8+
Kb6 66. Kd6 Ka7 67. Qc7+ Ka8 68. Qf7 Kb8 69. Kc6 Ka8 70. Qb7# 1-0

[Event "Under 1850 League"]
[Site "?"]
[Date "2020.02.23"]
[Round "2.17"]
[White "Dodington, Russell"]
[Black "Buttell, David"]
[Result "1/2-1/2"]
[WhiteElo "1692"]
[BlackElo "1847"]
[PlyCount "89"]
[EventDate "2020.??.??"]
[EventType "team"]
[EventCountry "WLS"]
[WhiteTeam "West Wales Griffins"]
[BlackTeam "White Knights"]

1. e4 c5 2. Nf3 d6 3. d4 cxd4 4. Qxd4 Nc6 5. Bb5 Bd7 6. Bxc6 bxc6 7. Nc3 Nf6 8.
O-O g6 9. e5 dxe5 10. Nxe5 Qb6 11. Qxb6 axb6 12. Be3 c5 13. Nxd7 Nxd7 14. Nb5
O-O-O 15. Bg5 f6 16. Bf4 e5 17. Be3 Kb7 18. Rfd1 Be7 19. Nd6+ Bxd6 20. Rxd6 Kc7
21. Rad1 Nb8 22. Rxd8 Rxd8 23. Rxd8 Kxd8 24. Kf1 Kd7 25. Ke2 Nc6 26. c3 Ke6 27.
Kd3 Kd5 28. b3 e4+ 29. Kc2 Ne5 30. c4+ Ke6 31. Kc3 Ng4 32. h3 Ne5 33. b4 Nd7
34. a4 Kd6 35. Bf4+ Kc6 36. b5+ Kb7 37. Kd2 Nf8 38. Ke3 f5 39. g4 Ne6 40. gxf5
gxf5 41. Be5 Ng5 42. h4 Ne6 43. f3 exf3 44. Kxf3 h5 45. Bc3 1/2-1/2

[Event "Under 1850 League"]
[Site "?"]
[Date "2020.02.23"]
[Round "2.18"]
[White "Thomas, Mark"]
[Black "Evans, James"]
[Result "1-0"]
[WhiteElo "1800"]
[BlackElo "1606"]
[PlyCount "115"]
[EventDate "2020.??.??"]
[EventType "team"]
[EventCountry "WLS"]
[WhiteTeam "White Knights"]
[BlackTeam "West Wales Griffins"]

1. e4 e5 2. Bb5 Nf6 3. d4 c6 4. dxe5 Nxe4 5. Bd3 Nc5 6. f4 d6 7. Nf3 Nbd7 8.
O-O dxe5 9. fxe5 Ne6 10. Nc3 Ndc5 11. Kh1 Be7 12. Be3 O-O 13. Qd2 Qc7 14. Rae1
f6 15. exf6 Bxf6 16. Ne4 Nxe4 17. Bxe4 Rf7 18. Qd3 Nf8 19. Ng5 Bxg5 20. Bxg5
Bg4 21. Rxf7 Qxf7 22. Rf1 Qd7 23. Qg3 Re8 24. Bd3 Bh5 25. Bc4+ Ne6 26. Qh3 Bf7
27. Bh4 Qd4 28. Bb3 Qe4 29. Re1 Qg6 30. Qe3 Kh8 31. Bg3 b6 32. Qf2 Kg8 33. h3
Nc5 $2 34. Bxf7+ $2 (34. Rxe8#) 34... Qxf7 35. Qxf7+ Kxf7 36. Rxe8 Kxe8 37. Bb8
a5 38. Bc7 Nd7 39. a4 Ke7 40. Kg1 Ke6 41. Kf2 Kd5 42. Ke2 Kc5 43. b3 Nf6 44. c3
Nd5 45. Be5 g6 46. Kd3 b5 47. g4 Ne7 48. Bg7 Kd5 49. c4+ bxc4+ 50. bxc4+ Ke6
51. Kd4 Nc8 52. Kc5 Nd6 53. Bf8 Ne4+ 54. Kxc6 Nf2 55. Kb6 Nxh3 56. Kxa5 Kd7 57.
Kb6 Kc8 58. Bd6 1-0

[Event "Under 1850 League"]
[Site "?"]
[Date "2020.02.23"]
[Round "2.19"]
[White "Chung, Daniel"]
[Black "Miga, Tomasz"]
[Result "0-1"]
[WhiteElo "1642"]
[BlackElo "1795"]
[PlyCount "104"]
[EventDate "2020.??.??"]
[EventType "team"]
[EventCountry "WLS"]
[WhiteTeam "West Wales Griffins"]
[BlackTeam "White Knights"]

1. d4 d5 2. c4 e6 3. Nf3 Nf6 4. Bg5 Be7 5. Nc3 O-O 6. e3 Nbd7 7. Be2 dxc4 8.
Bxc4 c5 9. O-O b6 10. Re1 cxd4 11. exd4 Bb7 12. Qd2 Bxf3 13. gxf3 Qc7 14. Bb3
Qb7 15. d5 Nc5 16. Bxf6 Nxb3 17. axb3 Bxf6 18. dxe6 Bxc3 19. exf7+ Rxf7 20.
bxc3 Rxf3 21. Re3 Raf8 22. Rxf3 Qxf3 23. Qd4 a5 24. Rd1 Kh8 25. Rd3 Qf5 26. Rg3
Qf6 27. Qxf6 Rxf6 28. Kf1 Kg8 29. c4 Kf7 30. Ke2 Rg6 31. Rf3+ Ke6 32. Kd3 Rf6
33. Rh3 h6 34. f3 g5 35. Rg3 Ke5 36. Ke3 Rd6 37. Rg1 Rd4 38. Rc1 Rd8 39. Rg1
Kf5 40. Ke2 h5 41. Ke3 Rd7 42. Rf1 Re7+ 43. Kf2 Rd7 44. Ke3 Rd6 45. Re1 Re6+
46. Kf2 Rxe1 47. Kxe1 Ke5 48. h3 Kf4 49. h4 gxh4 50. Kf2 h3 51. Kg1 Kxf3 52.
Kh2 Ke3 0-1

[Event "Under 1850 League"]
[Site "?"]
[Date "2020.02.23"]
[Round "2.20"]
[White "Daniel, Chris"]
[Black "Chung, Joel"]
[Result "0-1"]
[WhiteElo "1698"]
[BlackElo "1526"]
[PlyCount "56"]
[EventDate "2020.??.??"]
[EventType "team"]
[EventCountry "WLS"]
[WhiteTeam "White Knights"]
[BlackTeam "West Wales Griffins"]

1. Nf3 Nf6 2. e3 b6 3. c4 c5 4. Nc3 Bb7 5. b3 e6 6. Bb2 Bd6 7. d4 cxd4 8. Qxd4
Bb4 9. a3 Nc6 10. Qd3 Bxc3+ 11. Bxc3 Ba6 12. b4 Bb7 13. Be2 Qc7 14. b5 Na5 15.
Be5 Qc8 16. Bxf6 gxf6 17. e4 Qc5 18. Nd2 Rg8 19. Bf3 f5 20. O-O fxe4 21. Nxe4
Bxe4 22. Bxe4 O-O-O 23. Rfc1 Nb7 24. Bxb7+ Kxb7 25. Qf3+ Kb8 26. Qxf7 Qc7 27.
Qh5 Qb7 28. c5 Qxg2# 0-1